Top Ten Richest Soccer Players - Statistics

General Stats
  • This quiz has been taken 146 times
  • The average score is 5 of 10
Answer Stats
Hint Answer % Correct
$105m Cristiano Ronaldo
100%
$104m Lionel Messi
99%
$95.5m Neymar
89%
$33.8m Kylian Mbappe
70%
$35.1m Mo Salah
39%
$28.5m Paul Pogba
31%
$26.7m Antoine Griezmann
24%
$29.6m Andres Iniesta
12%
$28.7m Mesut Ozil
7%
$27.5m Oscar
7%
No matching quizzes found
Score Distribution
Percent of People with Each Score
Percentile by Number Answered
Your Score History
You have not taken this quiz